MARC

LEADER 00000nam0a2200000 4500
001 376664
005 20231101052042.0
010 |a 583660102X 
020 |a RU  |b 89-79874 
035 |a (RuTPU)RU\TPU\retro\34104 
035 |a RU\TPU\book\230838 
090 |a 376664 
100 |a 20221223d1989 k a0rusy5003 ca 
101 0 |a rus 
102 |a TJ 
105 |a a z 001zy 
200 1 |a Циклы землетрясений и тектонические волны  |f А. С. Маламуд, В. Н. Николаевский  |g Институт сейсмостойкого строительства и сейсмологии ; под ред. И. П. Пасечника 
210 |a Душанбе  |c Дониш  |d 1989 
215 |a 144 с.  |c ил.  |d 20 см 
320 |a Библиогр.: с. 122-138 (181 назв.) 
610 1 |a землетрясения 
610 1 |a сейсмические районы 
610 1 |a прогноз 
610 1 |a тектоника 
675 |a 550.348.436  |z rus 
700 1 |a Маламуд  |b А. С.  |g Александр Сергеевич  |4 070 
701 1 |a Николаевский  |b В. Н.  |g Виктор Николаевич  |4 070 
702 1 |a Пасечник  |b И. П.  |4 340 
712 0 2 |a Институт сейсмостойкого строительства и сейсмологии  |2 stltpush  |3 (RuTPU)RU\TPU\col\17878 
801 0 |a RU  |b RuMRKP  |c 19950417  |g psbo 
801 1 |a RU  |b 63413507  |c 20120312 
801 2 |a RU  |b 63413507  |c 20221223  |g RCR 
942 |c BK